Sports Quiz

Random Sports or Clickable Quiz

Premier League Players by Club (2013-14) Quiz Stats

Quiz not verified by Sporcle

Challenge
Share
Tweet
Embed
Score 0/200 Timer 12:00
0 Plays Today
% Correct
CHE
80.2%
ARS
79.1%
CHE
76.7%
CHE
76.7%
CHE
76.7%
MNU
76.7%
CHE
75.6%
MNU
75.6%
ARS
74.4%
CHE
73.3%
MNU
73.3%
ARS
72.1%
EVE
72.1%
MNU
72.1%
ARS
70.9%
EVE
70.9%
EVE
70.9%
MNU
70.9%
MNU
70.9%
ARS
68.6%
EVE
67.4%
EVE
67.4%
ASV
66.3%
EVE
66.3%
TOT
66.3%
CHE
65.1%
TOT
65.1%
HUL
64%
TOT
64%
TOT
64%
ARS
62.8%
CHE
62.8%
MNC
62.8%
TOT
62.8%
ASV
61.6%
EVE
60.5%
MNC
60.5%
MNC
60.5%
MNC
60.5%
ARS
59.3%
FUL
59.3%
HUL
59.3%
MNC
59.3%
MNC
59.3%
MNC
59.3%
MNU
59.3%
TOT
59.3%
ASV
58.1%
CHE
58.1%
CRY
58.1%
CRY
58.1%
FUL
58.1%
LIV
58.1%
NEW
58.1%
ARS
57%
FUL
57%
LIV
57%
MNC
57%
NEW
57%
FUL
55.8%
FUL
55.8%
LIV
55.8%
STO
55.8%
SWA
55.8%
NEW
53.5%
STO
53.5%
WBA
53.5%
% Correct
EVE
52.3%
LIV
52.3%
LIV
52.3%
SOU
52.3%
STO
52.3%
STO
52.3%
STO
52.3%
WHU
52.3%
WBA
52.3%
TOT
52.3%
SWA
52.3%
ARS
51.2%
LIV
51.2%
NOR
51.2%
WBA
51.2%
MNC
50%
NOR
50%
NOR
50%
WBA
50%
WBA
50%
ARS
48.8%
NOR
48.8%
NEW
47.7%
NOR
47.7%
STO
47.7%
TOT
47.7%
TOT
47.7%
SWA
47.7%
SUN
47.7%
ASV
46.5%
FUL
46.5%
NEW
46.5%
NEW
46.5%
SOU
46.5%
SOU
46.5%
WHU
46.5%
SUN
46.5%
CAR
45.3%
CHE
45.3%
HUL
45.3%
MNC
45.3%
STO
45.3%
SUN
45.3%
CAR
44.2%
FUL
44.2%
NOR
44.2%
NOR
44.2%
SOU
44.2%
SOU
44.2%
WBA
44.2%
WBA
44.2%
CAR
43%
EVE
43%
LIV
43%
LIV
43%
LIV
43%
NEW
43%
NEW
43%
NOR
43%
STO
43%
CAR
41.9%
CAR
41.9%
FUL
41.9%
FUL
40.7%
SUN
40.7%
SUN
40.7%
ASV
39.5%
% Correct
WBA
39.5%
ASV
38.4%
CAR
38.4%
HUL
38.4%
SWA
38.4%
SUN
38.4%
ASV
37.2%
CAR
37.2%
CRY
37.2%
LIV
37.2%
STO
37.2%
WHU
37.2%
WBA
37.2%
SWA
37.2%
ASV
36%
MNU
36%
ASV
34.9%
WBA
34.9%
FUL
33.7%
NEW
33.7%
NOR
33.7%
NOR
33.7%
SUN
33.7%
SUN
33.7%
SUN
33.7%
ASV
32.6%
SOU
32.6%
SOU
32.6%
TOT
32.6%
CRY
31.4%
HUL
31.4%
HUL
30.2%
MNU
30.2%
NEW
29.1%
WHU
29.1%
SWA
29.1%
SUN
29.1%
CRY
27.9%
HUL
27.9%
HUL
27.9%
WHU
27.9%
SWA
27.9%
CRY
26.7%
HUL
26.7%
SOU
26.7%
MNU
25.6%
CRY
24.4%
WHU
24.4%
CAR
23.3%
STO
23.3%
WHU
23.3%
CRY
22.1%
EVE
22.1%
HUL
22.1%
SOU
22.1%
SOU
22.1%
SWA
22.1%
WHU
20.9%
WHU
20.9%
WHU
20.9%
SWA
20.9%
CRY
19.8%
CRY
19.8%
SWA
17.4%
CAR
15.1%
CAR
9.3%

You're not logged in!

Compare scores with friends on all Sporcle quizzes.
Join for Free
OR
Log In

You Might Also Like...

Show Comments

Extras

Top Quizzes Today


Score Distribution

Your Account Isn't Verified!

In order to create a playlist on Sporcle, you need to verify the email address you used during registration. Go to your Sporcle Settings to finish the process.

Report this User

Report this user for behavior that violates our Community Guidelines.

Details: